Historia de Concordia : (Record no. 28742)

MARC details
000 -LEADER
campo de control de longitud fija 00748nam a22002417a 4500
001 - NÚMERO DE CONTROL
campo de control 00028709
005 - FECHA Y HORA DE LA ÚLTIMA TRANSACCIÓN
campo de control 20260417070607.0
008 - DATOS DE LONGITUD FIJA--INFORMACIÓN GENERAL
campo de control de longitud fija 260406b ag ||||| |||| 00| 0 spa d
020 ## - NÚMERO INTERNACIONAL ESTÁNDAR DEL LIBRO
Número Internacional Estándar del Libro 9789871703623
040 ## - FUENTE DE CATALOGACIÓN
Centro catalogador/agencia de origen AR-CcCEOS
Lengua de catalogación Español; Castellano
Centro/agencia transcriptor AR-CcCEOS
041 ## - CÓDIGO DE IDIOMA
Código de lengua del texto/banda sonora o título independiente Español; Castellano
080 ## - NÚMERO DE LA CLASIFICACIÓN DECIMAL UNIVERSAL
Número de la Clasificación Decimal Universal 982(822)
090 ## - LOCALMENTE ASIGNADO TIPO-LC NÚMERO DE CLASIFICACIÓN (OCLC); NÚMERO DE CLASIFICACIÓN LOCAL (RLIN)
Número cutter local (OCLC) ; Número de libro/Signatura topográfica íntegra, CALL (RLIN) PEZ t.5
100 1# - ENTRADA PRINCIPAL--NOMBRE DE PERSONA
Nombre de persona Pezzarini, Heriberto María,
Fechas asociadas al nombre 1938-
9 (RLIN) 986
245 ## - MENCIÓN DEL TÍTULO
Título Historia de Concordia :
Resto del título Tomo V /
Mención de responsabilidad, etc. Heriberto María Pezzarini, Rosa María Reissenweber
250 ## - MENCION DE EDICION
Mención de edición 5ª ed. adap.
264 ## - PRODUCCIÓN, PUBLICACIÓN, DISTRIBUCIÓN, FABRICACIÓN Y COPYRIGHT
Producción, publicación, distribución, fabricación y copyright Concordia :
Nombre del de productor, editor, distribuidor, fabricante DIMSA,
Fecha de producción, publicación, distribución, fabricación o copyright 2021.
300 ## - DESCRIPCIÓN FÍSICA
Extensión 356 p. ;
Dimensiones 24x17 cm.
655 #0 - TERMINO DE INDIZACIÓN--GENERO/FORMA
Datos o término principal de género/forma historia argentina
9 (RLIN) 277
700 ## - ENTRADA AGREGADA--NOMBRE PERSONAL
Nombre de persona Rosa Maria Reissenweber
9 (RLIN) 1021
942 ## - ELEMENTOS DE ENTRADA SECUNDARIOS (KOHA)
Fuente de la clasificación o esquema de estantería Clasificación decimal universal
Tipo de ítem Koha Libros
Suprimir en OPAC No
Holdings
Estatus retirado Estado de pérdida Fuente de la clasificación o esquema de estantería Estado de daño No para préstamo Biblioteca de origen Biblioteca actual Fecha de adquisición Número de inventario Total de préstamos Signatura topográfica completa Información codificada de la localización en otra ubicación Colección Código de barras Visto por última vez Precio de reemplazo Tipo de ítem Koha Fuente de adquisición
    Clasificación decimal universal     Biblioteca Julio Serebrinsky Biblioteca Julio Serebrinsky 06/04/2026 46311   982(822) PEZ t.5 SER 46311 06/04/2026 06/04/2026 Libros  
    Clasificación decimal universal     Biblioteca Julio Serebrinsky Biblioteca Julio Serebrinsky 17/04/2026 46453   982(822) PEZ t.5 SER 46453 17/04/2026 17/04/2026 Libros Donación